[Event "Ruhrgebiet Verbandsliga Gruppe 1 1819"]
[Site "Nordrheinwestfalen"]
[Date "2019.03.24"]
[Round "8.3"]
[White "Schwalen, Peter"]
[Black "Foerster, Wolfgang"]
[Result "1/2-1/2"]
[WhiteElo "2076"]
[BlackElo "1953"]
[PlyCount "36"]
[EventDate "2018.09.23"]
[EventType "team-tourn"]
[EventRounds "9"]
[EventCountry "GER"]
[SourceTitle "EXT 2022"]
[Source "ChessBase"]
[SourceDate "2021.10.06"]
[SourceVersion "1"]
[SourceVersionDate "2021.10.06"]
[SourceQuality "1"]
[WhiteTeam "Holsterhausen SK"]
[BlackTeam "Sodingen/Castrop SK II"]
[WhiteTeamCountry "GER"]
[BlackTeamCountry "GER"]

1. e4 c5 2. Nf3 e6 3. d3 Nc6 4. g3 g6 5. Bg2 Bg7 6. 0-0 d6 7. Nbd2 Nge7 8. Re1 0-0 9. c3 b5 10. a3 a5 11. a4 b4 12. c4 h6 13. Nb3 e5 14. Nh4 Ra7 15. Qc2 Be6 16. Be3 Qd7 17. f4 Kh7 18. Nf3 Nd4 1/2-1/2

[Event "Ruhrgebiet Verbandsliga Gruppe 1 1819"]
[Site "Nordrheinwestfalen"]
[Date "2019.01.20"]
[Round "5.3"]
[White "Fistoul, Boris"]
[Black "Schwalen, Peter"]
[Result "1/2-1/2"]
[WhiteElo "1907"]
[BlackElo "2088"]
[PlyCount "42"]
[EventDate "2018.09.23"]
[EventType "team-tourn"]
[EventRounds "9"]
[EventCountry "GER"]
[SourceTitle "EXT 2022"]
[Source "ChessBase"]
[SourceDate "2021.10.06"]
[SourceVersion "1"]
[SourceVersionDate "2021.10.06"]
[SourceQuality "1"]
[WhiteTeam "Bochum SG III"]
[BlackTeam "Holsterhausen SK"]
[WhiteTeamCountry "GER"]
[BlackTeamCountry "GER"]

1. d4 Nf6 2. c4 c5 3. d5 d6 4. Nc3 g6 5. e4 Bg7 6. f3 0-0 7. Bg5 a6 8. a4 h6 9. Be3 e6 10. Qd2 exd5 11. cxd5 Re8 12. Be2 Kh7 13. g4 Nbd7 14. h4 h5 15. Bg5 Qa5 16. Ra3 Qb4 17. a5 Qd4 18. Qf4 Qe5 19. Qd2 Qd4 20. Qf4 Qe5 21. Qd2 Qd4 1/2-1/2

[Event "Ruhrgebiet Verbandsliga Gruppe 1 1819"]
[Site "Nordrheinwestfalen"]
[Date "2018.12.02"]
[Round "4.3"]
[White "Schwalen, Peter"]
[Black "Nowak, Steven"]
[Result "1/2-1/2"]
[WhiteElo "2076"]
[BlackElo "1911"]
[PlyCount "32"]
[EventDate "2018.09.23"]
[EventType "team-tourn"]
[EventRounds "9"]
[EventCountry "GER"]
[SourceTitle "EXT 2022"]
[Source "ChessBase"]
[SourceDate "2021.10.06"]
[SourceVersion "1"]
[SourceVersionDate "2021.10.06"]
[SourceQuality "1"]
[WhiteTeam "Holsterhausen SK"]
[BlackTeam "Bottrop SV"]
[WhiteTeamCountry "GER"]
[BlackTeamCountry "GER"]

1. e4 e6 2. d4 d5 3. Nd2 dxe4 4. Nxe4 Bd7 5. Nf3 Bc6 6. Bd3 Nd7 7. 0-0 Ngf6 8. Bg5 Be7 9. Bxf6 Nxf6 10. Ned2 0-0 11. Re1 Bxf3 12. Nxf3 c5 13. c3 cxd4 14. Nxd4 Qb6 15. Qe2 Bc5 16. Nb3 Be7 1/2-1/2

[Event "Ruhrgebiet Verbandsliga Gruppe 1 1819"]
[Site "Nordrheinwestfalen"]
[Date "2018.10.07"]
[Round "2.3"]
[White "Schwalen, Peter"]
[Black "Broszeit, Peter"]
[Result "1-0"]
[WhiteElo "2076"]
[BlackElo "1906"]
[PlyCount "69"]
[EventDate "2018.09.23"]
[EventType "team-tourn"]
[EventRounds "9"]
[EventCountry "GER"]
[SourceTitle "EXT 2022"]
[Source "ChessBase"]
[SourceDate "2021.10.06"]
[SourceVersion "1"]
[SourceVersionDate "2021.10.06"]
[SourceQuality "1"]
[WhiteTeam "Holsterhausen SK"]
[BlackTeam "Erkenschwick II"]
[WhiteTeamCountry "GER"]
[BlackTeamCountry "GER"]

1. e4 e6 2. d3 d5 3. Nd2 c5 4. Ngf3 Nc6 5. g3 Nf6 6. Bg2 Be7 7. 0-0 0-0 8. Re1 b5 9. e5 Nd7 10. Nf1 Qb6 11. Bf4 Bb7 12. h4 d4 13. N1d2 Nb4 14. a3 Nd5 15. Bg5 h6 16. Bxe7 Nxe7 17. Qe2 Rac8 18. h5 Bd5 19. a4 a6 20. axb5 axb5 21. Nh2 Bxg2 22. Kxg2 c4 23. Ndf3 Nc6 24. Ng4 Nb4 25. Qd2 Nd5 26. Nxh6+ gxh6 27. Qxh6 f6 28. Qg6+ Kh8 29. Re4 Nxe5 30. Nxe5 f5 31. Qh6+ Kg8 32. Qg6+ Kh8 33. Nf7+ Rxf7 34. Qxf7 fxe4 35. Ra7 1-0

[Event "Solta Amateur op"]
[Site "Grohote"]
[Date "2018.06.25"]
[Round "2"]
[White "Stocko, Josip"]
[Black "Schwalen, Peter"]
[Result "1-0"]
[WhiteElo "2284"]
[BlackElo "2133"]
[PlyCount "71"]
[EventDate "2018.06.24"]
[EventType "swiss"]
[EventRounds "9"]
[EventCountry "CRO"]
[SourceTitle "CBM 185 Extra"]
[Source "ChessBase"]
[SourceDate "2018.07.29"]
[SourceVersion "1"]
[SourceVersionDate "2018.07.29"]
[SourceQuality "1"]

1. e4 c5 2. Nf3 a6 3. Nc3 d6 4. d4 cxd4 5. Nxd4 Nf6 6. h3 b5 7. g4 Bb7 8. Bg2 e6 9. a3 Be7 10. Be3 Qc7 11. f4 Nc6 12. Nxc6 Bxc6 13. 0-0 Qb7 14. Qd4 0-0 15. g5 Nd7 16. h4 e5 17. Qd2 exf4 18. Bxf4 Ne5 19. b3 Rac8 20. Kh1 Rfe8 21. Nd5 Bxd5 22. exd5 Bf8 23. Rae1 Qb6 24. Be3 Qd8 25. Bd4 Qc7 26. Re2 g6 27. Ref2 Bg7 28. Bh3 Rb8 29. Bxe5 Bxe5 30. Rxf7 Qxf7 31. Be6 Rxe6 32. Rxf7 Kxf7 33. dxe6+ Kxe6 34. Qe3 Rb7 35. Qh3+ Kf7 36. Qf3+ 1-0

[Event "Ruhrgebiet Verbandsliga Gruppe 2 1718"]
[Site "Germany"]
[Date "2018.02.25"]
[Round "7.3"]
[White "Hoefker, Mathias"]
[Black "Schwalen, Peter"]
[Result "1/2-1/2"]
[WhiteElo "2262"]
[BlackElo "2133"]
[PlyCount "115"]
[EventDate "2017.09.17"]
[EventType "team-tourn"]
[EventRounds "9"]
[EventCountry "GER"]
[SourceTitle "EXT 2022"]
[Source "ChessBase"]
[SourceDate "2021.10.06"]
[SourceVersion "1"]
[SourceVersionDate "2021.10.06"]
[SourceQuality "1"]
[WhiteTeam "Recklinghausen Sued"]
[BlackTeam "Holsterhausen SK"]
[WhiteTeamCountry "GER"]
[BlackTeamCountry "GER"]

1. d4 Nf6 2. Nf3 e6 3. e3 c5 4. Bd3 d5 5. c3 Nc6 6. 0-0 Qc7 7. Nbd2 Be7 8. e4 dxe4 9. Nxe4 cxd4 10. cxd4 0-0 11. Qe2 Nb4 12. Bb1 Nbd5 13. Ne5 Nxe4 14. Qxe4 f5 15. Qe2 Bf6 16. Rd1 Bxe5 17. dxe5 Bd7 18. Bd2 Bc6 19. Bd3 Rac8 20. Rdc1 Qe7 21. Rc4 b6 22. Rac1 Bb7 23. b3 h6 24. g4 Rxc4 25. bxc4 Nc7 26. gxf5 exf5 27. f4 Ne6 28. Be3 Nc5 29. h3 g6 30. Kh2 Kh7 31. Rd1 Rd8 32. Bc2 Ne6 33. Kg3 Kg7 34. h4 h5 35. Rd2 Qc7 36. Rxd8 Nxd8 37. Qd2 Qc6 38. Qe2 Ne6 39. Bd3 Qh1 40. Qf1 Qc6 41. Be2 Qe4 42. Qf3 Kf7 43. Qxe4 Bxe4 44. Kf2 Ke7 45. Ke1 Kd8 46. Kd2 Bc6 47. Kc3 Kc7 48. Bd1 Kd7 49. Kb4 Kc7 50. Ba4 Bxa4 51. Kxa4 Kc6 52. Kb4 a6 53. Kb3 b5 54. a4 bxc4+ 55. Kxc4 Nc7 56. a5 Ne6 57. Bc1 Nc5 58. Be3 1/2-1/2

[Event "Ruhrgebiet Verbandsliga Gruppe 2 1718"]
[Site "Germany"]
[Date "2018.02.04"]
[Round "6.3"]
[White "Schwalen, Peter"]
[Black "Schlaap, Ralf"]
[Result "1-0"]
[WhiteElo "2042"]
[BlackElo "2072"]
[PlyCount "85"]
[EventDate "2017.09.17"]
[EventType "team-tourn"]
[EventRounds "9"]
[EventCountry "GER"]
[SourceTitle "EXT 2022"]
[Source "ChessBase"]
[SourceDate "2021.10.06"]
[SourceVersion "1"]
[SourceVersionDate "2021.10.06"]
[SourceQuality "1"]
[WhiteTeam "Holsterhausen SK"]
[BlackTeam "Hamm SV"]
[WhiteTeamCountry "GER"]
[BlackTeamCountry "GER"]

1. e4 c5 2. d3 Nc6 3. g3 e6 4. Bg2 Nf6 5. Nf3 d5 6. Nbd2 Be7 7. 0-0 0-0 8. Re1 Qc7 9. e5 Nd7 10. Qe2 b5 11. Nf1 a5 12. Bf4 Ba6 13. Ne3 Rfc8 14. Nxd5 exd5 15. e6 Qd8 16. exd7 Qxd7 17. Ne5 Qe6 18. Nxc6 Rxc6 19. Qf3 Qf6 20. Qxd5 Rac8 21. Qd7 Re6 22. Rxe6 Qxe6 23. Qxe6 fxe6 24. Re1 Kf7 25. Be5 b4 26. b3 Bf6 27. f4 Bxe5 28. Rxe5 Kf6 29. Kf2 Rc7 30. Be4 g6 31. Ke1 Ke7 32. Kd2 Kd6 33. d4 Bc8 34. h4 Bd7 35. dxc5+ Rxc5 36. Rxc5 Kxc5 37. c3 Be8 38. h5 Bf7 39. Kd3 Be8 40. c4 Bf7 41. h6 Be8 42. Ke3 Bf7 43. Bc2 1-0

[Event "Ruhrgebiet Verbandsliga Gruppe 1 1617"]
[Site "Germany"]
[Date "2017.01.29"]
[Round "6.1"]
[White "Schwalen, Peter"]
[Black "Kleibaumhueter, Klaus"]
[Result "0-1"]
[WhiteElo "2058"]
[BlackElo "2084"]
[PlyCount "70"]
[EventDate "2016.09.04"]
[EventType "team-tourn"]
[EventRounds "9"]
[EventCountry "GER"]
[SourceTitle "EXT 2022"]
[Source "ChessBase"]
[SourceDate "2021.10.06"]
[SourceVersion "1"]
[SourceVersionDate "2021.10.06"]
[SourceQuality "1"]
[WhiteTeam "Holsterhausen SK"]
[BlackTeam "Eving SV Rochade"]
[WhiteTeamCountry "GER"]
[BlackTeamCountry "GER"]

1. e4 e6 2. d3 d5 3. Nd2 c5 4. g3 Nf6 5. Bg2 Nc6 6. Ngf3 b6 7. 0-0 Bb7 8. Re1 Qc7 9. c3 0-0-0 10. exd5 Nxd5 11. Nc4 Be7 12. a4 Bf6 13. Qb3 Ba6 14. Bf1 Rhe8 15. Nfd2 e5 16. Ne4 Be7 17. Bg2 Bf8 18. a5 b5 19. Ncd6+ Bxd6 20. Qxd5 Bf8 21. Bh3+ Kb8 22. Nxc5 Bc8 23. Nd7+ Bxd7 24. Qxb5+ Qb7 25. Qxb7+ Kxb7 26. Bxd7 Rxd7 27. a6+ Kc7 28. d4 Re6 29. dxe5 Nxe5 30. Kg2 Nd3 31. Rxe6 fxe6 32. Be3 Bc5 33. Bxc5 Nxc5 34. b4 Ne4 35. Ra5 Rd5 0-1

[Event "Ruhrgebiet Verbandsliga Gruppe 1 1516"]
[Site "Germany"]
[Date "2016.03.20"]
[Round "8.1"]
[White "Grosse Frintrop, Gerd"]
[Black "Schwalen, Peter"]
[Result "0-1"]
[WhiteElo "1996"]
[BlackElo "2053"]
[PlyCount "136"]
[EventDate "2015.09.06"]
[EventType "team-tourn"]
[EventRounds "9"]
[EventCountry "GER"]
[SourceTitle "EXT 2022"]
[Source "ChessBase"]
[SourceDate "2021.10.06"]
[SourceVersion "1"]
[SourceVersionDate "2021.10.06"]
[SourceQuality "1"]
[WhiteTeam "Buer SF"]
[BlackTeam "Holsterhausen SK"]
[WhiteTeamCountry "GER"]
[BlackTeamCountry "GER"]

1. d4 Nf6 2. c4 c5 3. d5 e6 4. Nc3 exd5 5. cxd5 d6 6. e4 g6 7. Nf3 Bg7 8. Bd3 0-0 9. 0-0 Re8 10. Bg5 h6 11. Bd2 a6 12. a4 Nbd7 13. Qc1 Kh7 14. h3 c4 15. Bc2 Nc5 16. Re1 Qc7 17. Qb1 Rb8 18. Bf4 Nfd7 19. h4 Kg8 20. Qc1 h5 21. Qd2 Ne5 22. Nxe5 Bxe5 23. Bxe5 Rxe5 24. f4 Re8 25. e5 Bf5 26. Rad1 Bxc2 27. Qxc2 Nd3 28. Rxd3 cxd3 29. Qxd3 dxe5 30. f5 Qb6+ 31. Kf1 Qd4 32. Qg3 Qf4+ 33. Qxf4 exf4 34. Ne4 Kg7 35. f6+ Kf8 36. Kf2 Rbd8 37. d6 Re6 38. Re2 b6 39. Kf3 Rdxd6 40. Nxd6 Rxd6 41. Kxf4 Rxf6+ 42. Kg3 Re6 43. Rc2 Re4 44. Rc6 Rb4 45. a5 bxa5 46. Rxa6 a4 47. Ra7 Ke8 48. Kh3 f5 49. Rg7 Rxb2 50. Rxg6 Rb3+ 51. Kh2 a3 52. Ra6 Ke7 53. Ra5 Ke6 54. Ra6+ Ke5 55. Ra5+ Ke4 56. Ra4+ Ke3 57. Ra5 Ke4 58. Ra4+ Kd3 59. Ra5 Kc2 60. Rxf5 a2 61. Rf2+ Kb1 62. Rf1+ Kb2 63. Rf2+ Ka3 64. Rf1 Rb1 65. Rf8 a1Q 66. Ra8+ Kb4 67. Rxa1 Rxa1 68. Kg3 Rf1 0-1

[Event "Ruhrgebiet Verbandsliga Gruppe 1 1516"]
[Site "Germany"]
[Date "2015.12.20"]
[Round "5.1"]
[White "Schwalen, Peter"]
[Black "Frombach, Ralf"]
[Result "1/2-1/2"]
[WhiteElo "2054"]
[BlackElo "2163"]
[PlyCount "58"]
[EventDate "2015.09.06"]
[EventType "team-tourn"]
[EventRounds "9"]
[EventCountry "GER"]
[SourceTitle "EXT 2022"]
[Source "ChessBase"]
[SourceDate "2021.10.06"]
[SourceVersion "1"]
[SourceVersionDate "2021.10.06"]
[SourceQuality "1"]
[WhiteTeam "Holsterhausen SK"]
[BlackTeam "Hamm Koenigsspringer"]
[WhiteTeamCountry "GER"]
[BlackTeamCountry "GER"]

1. e4 c5 2. Nf3 Nc6 3. Bb5 d6 4. 0-0 Bd7 5. Re1 Nf6 6. c3 a6 7. Bf1 Bg4 8. h3 Bh5 9. d3 e6 10. Nbd2 Be7 11. Be2 d5 12. Qc2 0-0 13. Nf1 Qc7 14. Ng3 Bg6 15. Nh4 b5 16. Nxg6 hxg6 17. Bg5 b4 18. Nf1 bxc3 19. bxc3 d4 20. Bd2 Rfb8 21. Rab1 Ra7 22. Rxb8+ Qxb8 23. Rb1 Rb7 24. Rxb7 Qxb7 25. c4 Bd8 26. a3 Nd7 27. f4 e5 28. g3 Ndb8 29. Bf3 Ba5 1/2-1/2

[Event "Ruhrgebiet Verbandsliga Gruppe 1 1516"]
[Site "Germany"]
[Date "2015.11.29"]
[Round "4.1"]
[White "Rumpf, Thomas"]
[Black "Schwalen, Peter"]
[Result "1/2-1/2"]
[WhiteElo "2021"]
[BlackElo "2054"]
[PlyCount "37"]
[EventDate "2015.09.06"]
[EventType "team-tourn"]
[EventRounds "9"]
[EventCountry "GER"]
[SourceTitle "EXT 2022"]
[Source "ChessBase"]
[SourceDate "2021.10.06"]
[SourceVersion "1"]
[SourceVersionDate "2021.10.06"]
[SourceQuality "1"]
[WhiteTeam "Dortmund Hansa III"]
[BlackTeam "Holsterhausen SK"]
[WhiteTeamCountry "GER"]
[BlackTeamCountry "GER"]

1. e4 c5 2. c3 Nf6 3. e5 Nd5 4. d4 cxd4 5. Nf3 e6 6. cxd4 d6 7. Bd2 Nc6 8. Nc3 Be7 9. Be2 dxe5 10. dxe5 Nxc3 11. Bxc3 Qxd1+ 12. Rxd1 Bd7 13. a3 a6 14. 0-0 Na7 15. Nd4 Nc6 16. Nf3 0-0-0 17. Rd2 Kb8 18. Rfd1 Bc8 19. Bd3 1/2-1/2

[Event "Ruhrgebiet Verbandsliga Gruppe 1 1516"]
[Site "Germany"]
[Date "2015.11.08"]
[Round "3.1"]
[White "Schwalen, Peter"]
[Black "Stadtmann, Jens"]
[Result "0-1"]
[WhiteElo "2054"]
[BlackElo "2124"]
[PlyCount "82"]
[EventDate "2015.09.06"]
[EventType "team-tourn"]
[EventRounds "9"]
[EventCountry "GER"]
[SourceTitle "EXT 2022"]
[Source "ChessBase"]
[SourceDate "2021.10.06"]
[SourceVersion "1"]
[SourceVersionDate "2021.10.06"]
[SourceQuality "1"]
[WhiteTeam "Holsterhausen SK"]
[BlackTeam "Bottrop SV"]
[WhiteTeamCountry "GER"]
[BlackTeamCountry "GER"]

1. e4 e6 2. d3 d5 3. Nd2 c5 4. g3 Nc6 5. Bg2 Nf6 6. Ngf3 Be7 7. 0-0 Qc7 8. Re1 dxe4 9. dxe4 e5 10. c3 0-0 11. h3 Rd8 12. Qe2 h6 13. Nc4 Be6 14. Nh4 b5 15. Ne3 c4 16. Nef5 Bf8 17. g4 Nh7 18. Ne3 Ne7 19. Nhf5 Rac8 20. Nxe7+ Qxe7 21. Nd5 Qh4 22. a4 a6 23. axb5 axb5 24. Ra5 Rb8 25. Qe3 Rdc8 26. Qg3 Qxg3 27. fxg3 Bc5+ 28. Kh2 Nf8 29. Bd2 Kh7 30. Rb1 Bb6 31. Nxb6 Rxb6 32. Be3 Rb7 33. Rd1 Nd7 34. g5 hxg5 35. Bxg5 Nc5 36. Be3 Nd3 37. Bf1 Nxb2 38. Rb1 Nd3 39. Kg2 Nc5 40. Kf3 Nb3 41. Ra2 b4 0-1

[Event "Ruhrgebiet Verbandsliga Gruppe 1 1516"]
[Site "Germany"]
[Date "2015.09.06"]
[Round "1.1"]
[White "Schwalen, Peter"]
[Black "Korber, Markus"]
[Result "1-0"]
[WhiteElo "2054"]
[BlackElo "1957"]
[PlyCount "125"]
[EventDate "2015.09.06"]
[EventType "team-tourn"]
[EventRounds "9"]
[EventCountry "GER"]
[SourceTitle "EXT 2022"]
[Source "ChessBase"]
[SourceDate "2021.10.06"]
[SourceVersion "1"]
[SourceVersionDate "2021.10.06"]
[SourceQuality "1"]
[WhiteTeam "Holsterhausen SK"]
[BlackTeam "Steele/Kray Rochade"]
[WhiteTeamCountry "GER"]
[BlackTeamCountry "GER"]

1. e4 c5 2. Nf3 e6 3. d4 cxd4 4. Nxd4 a6 5. Nc3 b5 6. Bd3 Qb6 7. Nb3 Qc7 8. 0-0 Bb7 9. f4 d6 10. Qe2 Nd7 11. Bd2 Ngf6 12. Rae1 e5 13. Kh1 Be7 14. a4 b4 15. Na2 a5 16. c3 bxc3 17. Nxc3 0-0 18. Nb5 Qb6 19. Be3 Qd8 20. Bg1 Qb8 21. Rc1 Rc8 22. Rxc8+ Bxc8 23. Nd2 Nb6 24. b3 Bd7 25. Qe3 Bd8 26. fxe5 dxe5 27. Qg3 Nh5 28. Qf3 Nf6 29. Bc5 Bg4 30. Qg3 Qc8 31. Bd6 Nh5 32. Qxe5 Bf6 33. Qc5 Qxc5 34. Bxc5 Nd7 35. Bd6 Ne5 36. Bxe5 Bxe5 37. Nc4 Bf6 38. e5 Bg5 39. g3 Rd8 40. Ncd6 Be6 41. Bc4 Rd7 42. Bxe6 fxe6 43. Kg2 g6 44. Kf3 Bd8 45. Ke4 Ng7 46. g4 h5 47. h3 hxg4 48. hxg4 Bb6 49. Rh1 g5 50. Rc1 Kh7 51. Rc6 Bf2 52. Rc8 Be1 53. Na3 Bb4 54. Nac4 Ra7 55. Rb8 Kg6 56. Nb7 Kf7 57. Ncd6+ Kg6 58. Nb5 Ra6 59. Nd8 Ne8 60. Rc8 Bd2 61. Nc6 Ng7 62. Nd6 Be1 63. Ne7+ 1-0

[Event "NRW Class2 1314"]
[Site "Germany"]
[Date "2014.02.02"]
[Round "6.2"]
[White "Schwalen, Peter"]
[Black "Hobusch, Jan"]
[Result "1/2-1/2"]
[WhiteElo "2077"]
[BlackElo "2079"]
[PlyCount "101"]
[EventDate "2013.09.15"]
[EventType "team-tourn"]
[EventRounds "9"]
[EventCountry "GER"]
[SourceTitle "EXT 2015"]
[Source "ChessBase"]
[SourceDate "2014.11.20"]
[SourceVersion "1"]
[SourceVersionDate "2014.11.20"]
[SourceQuality "1"]
[WhiteTeam "Holsterhausen"]
[BlackTeam "Solingen III"]
[WhiteTeamCountry "GER"]
[BlackTeamCountry "GER"]

1. e4 c6 2. Nc3 d5 3. Nf3 Bg4 4. h3 Bxf3 5. Qxf3 e6 6. a3 Nf6 7. d3 Nbd7 8. g3 Bd6 9. Bg2 Qc7 10. Qe2 0-0 11. 0-0 a6 12. Re1 b5 13. d4 dxe4 14. Nxe4 Nxe4 15. Bxe4 Nf6 16. Bg2 Rac8 17. c3 Nd5 18. a4 Qd7 19. Bd2 Rfe8 20. Kh2 Ra8 21. Qd3 Be7 22. Ra2 Qb7 23. axb5 axb5 24. Rea1 Rxa2 25. Rxa2 Ra8 26. Qb1 Rxa2 27. Qxa2 h6 28. Qa5 Kf8 29. h4 Ke8 30. b3 Bd8 31. Qa1 Bf6 32. f4 h5 33. c4 bxc4 34. bxc4 Ne7 35. Bc3 Qc8 36. Bb4 Nf5 37. Bc5 Be7 38. Qa4 Bxc5 39. Bxc6+ Kf8 40. dxc5 Nd4 41. Qa8 Qxa8 42. Bxa8 Ke7 43. Kg2 Nb3 44. Bf3 g6 45. g4 hxg4 46. Bxg4 Nxc5 47. h5 Nd3 48. Kg3 gxh5 49. Bxh5 f6 50. Be2 Nc1 51. Bh5 1/2-1/2

[Event "Ruhrgebiet Regionalliga 1213"]
[Site "Nordrheinwestfalen"]
[Date "2013.04.14"]
[Round "8.4"]
[White "Schwalen, Peter"]
[Black "Rueberg, Jobst"]
[Result "1/2-1/2"]
[WhiteElo "2080"]
[BlackElo "2068"]
[PlyCount "86"]
[EventDate "2012.09.09"]
[EventType "team-tourn"]
[EventRounds "9"]
[EventCountry "GER"]
[SourceTitle "EXT 2020"]
[Source "ChessBase"]
[SourceDate "2019.10.17"]
[SourceVersion "1"]
[SourceVersionDate "2019.10.17"]
[SourceQuality "1"]
[WhiteTeam "Holsterhausen SK"]
[BlackTeam "Ahlen SV"]
[WhiteTeamCountry "GER"]
[BlackTeamCountry "GER"]

1. e4 c5 2. Nf3 e6 3. d4 cxd4 4. Nxd4 a6 5. Nc3 Qc7 6. Be2 Nf6 7. 0-0 d6 8. Kh1 Bd7 9. f4 Nc6 10. Nf3 Be7 11. Bd3 g6 12. Qe1 Nb4 13. Be3 Nxd3 14. cxd3 Bc6 15. Rc1 Qd8 16. Nd4 Bd7 17. f5 e5 18. fxg6 hxg6 19. Nf3 Bc6 20. h3 Nh5 21. d4 exd4 22. Bxd4 0-0 23. Qf2 Bf6 24. Rfd1 Qe7 25. Nd5 Bxd5 26. exd5 Bxd4 27. Rxd4 Qf6 28. g4 Ng7 29. Kg2 Rac8 30. Rdc4 Rxc4 31. Rxc4 Ne8 32. Qd2 Qg7 33. Ng5 Qf6 34. Ne4 Qe7 35. Qh6 Qe5 36. Qd2 b5 37. Rd4 Nf6 38. Nxf6+ Qxf6 39. Qf4 Qe7 40. Re4 Qc7 41. Qd2 Rc8 42. Re2 Qb7 43. Qd4 Qc7 1/2-1/2

[Event "Oberhausen op"]
[Site "Oberhausen"]
[Date "2013.03.31"]
[Round "6"]
[White "Schwalen, Peter"]
[Black "Hirschberg, Valerian"]
[Result "0-1"]
[WhiteElo "2163"]
[BlackElo "2281"]
[PlyCount "98"]
[EventDate "2013.03.28"]
[EventType "swiss"]
[EventRounds "7"]
[EventCountry "GER"]
[SourceTitle "CBM 153 Extra"]
[Source "ChessBase"]
[SourceDate "2013.04.22"]
[SourceVersion "1"]
[SourceVersionDate "2013.04.22"]
[SourceQuality "1"]

1. e4 c5 2. Nf3 Nc6 3. d4 cxd4 4. Nxd4 Nf6 5. Nc3 e5 6. Ndb5 d6 7. Nd5 Nxd5 8. exd5 Nb8 9. c4 Be7 10. Bd3 0-0 11. 0-0 a6 12. Nc3 f5 13. f3 Nd7 14. Kh1 Bg5 15. b4 a5 16. a3 axb4 17. Bxg5 Qxg5 18. axb4 Rxa1 19. Qxa1 Qe3 20. Be2 Nb8 21. Qc1 Qb6 22. Qa3 Na6 23. Rb1 Bd7 24. Qb3 Kh8 25. Nd1 Rc8 26. h3 h6 27. Qb2 Re8 28. Qc3 Qd4 29. Bd3 Rc8 30. Qxd4 exd4 31. Kg1 g6 32. Nf2 Kg7 33. g4 Kf6 34. Kg2 Nc7 35. b5 Ra8 36. Rd1 Ra4 37. Bf1 Na8 38. Rxd4 Bxb5 39. gxf5 gxf5 40. Rh4 Kg5 41. Kg3 Bd7 42. Nd3 Ra1 43. f4+ Kg6 44. Be2 b6 45. Ne5+ dxe5 46. fxe5 Nc7 47. Rd4 Ra8 48. Kf4 Ra2 49. Bf3 Rc2 0-1

[Event "Ruhrgebiet Regionalliga 1213"]
[Site "Nordrheinwestfalen"]
[Date "2013.03.17"]
[Round "7.4"]
[White "Schwalen, Peter"]
[Black "Ribbeheger, Edgar"]
[Result "1-0"]
[WhiteElo "2080"]
[BlackElo "1973"]
[PlyCount "79"]
[EventDate "2012.09.09"]
[EventType "team-tourn"]
[EventRounds "9"]
[EventCountry "GER"]
[SourceTitle "EXT 2020"]
[Source "ChessBase"]
[SourceDate "2019.10.17"]
[SourceVersion "1"]
[SourceVersionDate "2019.10.17"]
[SourceQuality "1"]
[WhiteTeam "Holsterhausen SK"]
[BlackTeam "Herne Sodingen II"]
[WhiteTeamCountry "GER"]
[BlackTeamCountry "GER"]

1. e4 c5 2. Nf3 e6 3. d4 cxd4 4. Nxd4 d6 5. g3 Be7 6. Bg2 Nf6 7. Nc3 0-0 8. 0-0 Nc6 9. Re1 Nxd4 10. Qxd4 Ng4 11. h3 Ne5 12. f4 Nc6 13. Qf2 Bd7 14. Be3 Qa5 15. Rad1 Rfd8 16. a3 Be8 17. Rd3 Rac8 18. Red1 b6 19. Bf1 Qh5 20. g4 Qh4 21. Qxh4 Bxh4 22. Rxd6 Rxd6 23. Rxd6 Be7 24. Ba6 Rc7 25. Rd3 Nb8 26. Bb5 Bxb5 27. Nxb5 Rxc2 28. Nxa7 Rxb2 29. Nc8 Kf8 30. Nxb6 Ke8 31. Rc3 Nd7 32. Rc8+ Bd8 33. Nc4 Rb1+ 34. Kg2 Ke7 35. e5 f6 36. Rc6 Rb3 37. exf6+ gxf6 38. a4 Ba5 39. Bf2 Bb4 40. a5 1-0

[Event "Ruhrgebiet Regionalliga 1213"]
[Site "Nordrheinwestfalen"]
[Date "2013.02.10"]
[Round "6.4"]
[White "Boehm, Joachim"]
[Black "Schwalen, Peter"]
[Result "1-0"]
[WhiteElo "2190"]
[BlackElo "2080"]
[PlyCount "123"]
[EventDate "2012.09.09"]
[EventType "team-tourn"]
[EventRounds "9"]
[EventCountry "GER"]
[SourceTitle "EXT 2020"]
[Source "ChessBase"]
[SourceDate "2019.10.17"]
[SourceVersion "1"]
[SourceVersionDate "2019.10.17"]
[SourceQuality "1"]
[WhiteTeam "Horst Emscher"]
[BlackTeam "Holsterhausen SK"]
[WhiteTeamCountry "GER"]
[BlackTeamCountry "GER"]

1. Nf3 Nf6 2. c4 e6 3. g3 b6 4. Bg2 Bb7 5. 0-0 c5 6. b3 Be7 7. Bb2 0-0 8. d3 d6 9. Nc3 Nbd7 10. e4 a6 11. Qe2 Qc7 12. Ne1 Ne5 13. Nc2 Nc6 14. Rac1 Rfe8 15. f4 Nd7 16. Kh1 Bf6 17. Qf2 Nd4 18. Ne3 Nc6 19. g4 Bd4 20. Qd2 Bxe3 21. Qxe3 Nd4 22. Nd1 e5 23. f5 f6 24. Rf2 h6 25. h4 Kf8 26. Qg3 Ke7 27. Ne3 Rh8 28. Nf1 Rag8 29. Qe3 Nb8 30. Ng3 Nbc6 31. Rg1 b5 32. Bf1 Qa5 33. Bc1 Nb4 34. Rgg2 Qd8 35. Qe1 a5 36. Be3 Nbc6 37. cxb5 Nxb5 38. Qc1 Nbd4 39. Ne2 Nxe2 40. Bxe2 Ba6 41. Kg1 Qb6 42. g5 hxg5 43. hxg5 Nd4 44. Bxd4 cxd4 45. gxf6+ gxf6 46. Rxg8 Rxg8+ 47. Rg2 Rxg2+ 48. Kxg2 d5 49. exd5 Kd6 50. Qh6 Qd8 51. Qg7 Bc8 52. Bg4 Kxd5 53. a3 Kd6 54. Kf2 Qe7 55. Qg8 Bb7 56. Qc4 Qd8 57. b4 axb4 58. axb4 Qb6 59. Qf7 e4 60. Qxf6+ Kc7 61. Qxb6+ Kxb6 62. f6 1-0

[Event "Ruhrgebiet Regionalliga 1213"]
[Site "Nordrheinwestfalen"]
[Date "2013.01.27"]
[Round "5.3"]
[White "Luft, Dennis"]
[Black "Schwalen, Peter"]
[Result "0-1"]
[WhiteElo "2095"]
[BlackElo "2080"]
[PlyCount "60"]
[EventDate "2012.09.09"]
[EventType "team-tourn"]
[EventRounds "9"]
[EventCountry "GER"]
[SourceTitle "EXT 2020"]
[Source "ChessBase"]
[SourceDate "2019.10.17"]
[SourceVersion "1"]
[SourceVersionDate "2019.10.17"]
[SourceQuality "1"]
[WhiteTeam "Brackel SF"]
[BlackTeam "Holsterhausen SK"]
[WhiteTeamCountry "GER"]
[BlackTeamCountry "GER"]

1. e4 c5 2. Nc3 a6 3. f4 d6 4. Nf3 Nf6 5. g3 Nc6 6. Bg2 Bg4 7. 0-0 g6 8. h3 Bxf3 9. Qxf3 Bg7 10. Ne2 Nd7 11. c3 c4 12. b3 cxb3 13. axb3 Qb6+ 14. d4 Qxb3 15. Be3 Qc4 16. Rfb1 Nd8 17. e5 Rc8 18. exd6 exd6 19. Rb4 Qd3 20. Qe4+ Qxe4 21. Bxe4 Rc7 22. Rab1 b5 23. Ra1 0-0 24. Rxa6 Re8 25. Ra8 Bf6 26. d5 Nc5 27. Nd4 Nxe4 28. Nc6 Nxc3 29. Bb6 Nxd5 30. Bxc7 Nxc7 0-1